| 000 | 00589nam a2200169 i 4500 | ||
|---|---|---|---|
| 001 | 40093 | ||
| 003 | ES-MaACL | ||
| 007 | t| | ||
| 008 | 030305s1981 sp ||||1| spa d | ||
| 100 | 1 |
_aCañizo Perate, José Antonio del. _934763 |
|
| 245 | 1 | 0 |
_aGuía práctica de plagas / _cJosé Antonio del Cañizo Perate, Ramón Moreno Vázquez, Cayetano Garijo Alba. |
| 260 |
_aMadrid : _bMundi-Prensa, _c1981. |
||
| 300 |
_a371 p., 8 lám. col. : _bil. ; _c22 cm. |
||
| 700 | 1 |
_aMoreno Vázquez, Ramón. _983442 |
|
| 700 | 1 |
_aGarijo Alba, Cayetano. _955555 |
|
| 852 |
_aES-MaACL _jL-3388 _bR.103805 |
||
| 999 |
_c40093 _d40093 |
||